| 000 | 00975nam a22003017a 4500 | ||
|---|---|---|---|
| 001 | 7460 | ||
| 003 | FISKH | ||
| 005 | 20250827092547.0 | ||
| 008 | 250717b cb ||||| |||| 00| 0 eng d | ||
| 020 | _a9780590461221 | ||
| 040 |
_aFISKH _beng _cFISKH _dFISKH |
||
| 050 | _aPZ7.A2615 C | ||
| 082 | _a813.4 | ||
| 100 | _aAlder, David A. | ||
| 245 |
_aCam Jansen and the mystery of the U.F.O / _cBy David A.Adler : Illustrated by Susanna Natti |
||
| 260 |
_aNew York : _bScholastic , _c1980. |
||
| 300 |
_a58 pages : _billustrations ; _c20 cm . |
||
| 490 |
_aCam Jansen _v2 |
||
| 505 | _aK | ||
| 520 | _aTen-year-old Cam, possessor of a photographic memory, and her friend Eric investigate what seems to be a brief appearance of U.F.O.s. | ||
| 521 | 8 |
_a510
_bLexile estimate |
|
| 521 | 8 |
_aK
_bRaz-Plus |
|
| 650 |
_aAliens _vFiction |
||
| 650 |
_aDetective _vFiction |
||
| 700 |
_aNatti, Susanna _eIllustrator |
||
| 942 |
_2ddc _cBK _n0 |
||
| 999 |
_c7460 _d7460 |
||